| 000 | 00694nam a22002055a 4500 | ||
|---|---|---|---|
| 003 | OSt | ||
| 005 | 20170311083858.0 | ||
| 008 | 170307s1984 ua fr 000 0 ara d | ||
| 040 |
_aEG-ScBUE _bara _cEG-ScBUE |
||
| 082 | 0 | 4 |
_a340.59 _bح س ن _222 |
| 100 | 1 | _aحسني، محمود نجيب. | |
| 245 | 1 | 0 |
_aمدخل للفقه الجنائي الإسلامي / _cمحمود نجيب حسني. |
| 260 |
_aالقاهرة : _bدار النهضة العربية، _c1984. |
||
| 300 |
_a25 ص. ؛ _c24 سم. |
||
| 650 | 7 |
_aالجنايات (فقه إسلامي) _2BUEsh |
|
| 650 | 7 |
_aالعقوبات (فقه إسلامي) _2BUEsh |
|
| 651 | _2BUEsh | ||
| 653 |
_bLLAAWW _cMarch2017 |
||
| 942 | _2ddc | ||
| 999 |
_c24340 _d24312 |
||